| 000 | 01213nam a2200289Ia 4500 | ||
|---|---|---|---|
| 001 | G2549 | ||
| 003 | IT-RoPAU | ||
| 008 | 130308s9999 xx 000 0 und d | ||
| 040 | _aIT-RoPAU | ||
| 040 | _cIT-RoPAU | ||
| 041 | _aFRANCESE | ||
| 100 | _aBonny Yves | ||
| 100 | _gCodice Aut. SPICS: 54266 | ||
| 245 | _aDe l'un a l'autre: societè moderne, division et legitimation | ||
| 245 | _bTiers Communicationnel (Le): Communication, Legitimation, Abduction | ||
| 250 | _a1a ed. | ||
| 260 | _aMONTREAL (CANADA) | ||
| 260 | _bHarmattan | ||
| 260 | _c1998 [1° Ed.:1998 - Ed.Ling.Originale:1998] | ||
| 300 | _a"76 p. (prefazione: no ; testo: 76 [pagine: 113-188])" | ||
| 500 | _aDall'Uno All'Altro: Società moderna, Divisione e Legittimazione. Dalla Società Tradizionale Alla Società moderna. Nascita della Società moderna. Società moderna, Società Divisa. Organizzazione Sociale e Ideologia Nei secoli XIX e Xx: Periodo Liberale, Verso la Società Post Industriale. Legittimazione e Divisione nella Società Contemporanea. Società contro Lo Stato. | ||
| 650 | _aSOCIOLOGIA DELLA COMUNICAZIONE SOCIALE | ||
| 650 | _eCodice materia Spics: 3806 | ||
| 942 | _cBK | ||
| 957 | _71 | ||
| 999 |
_c80160 _d80160 |
||
| 999 | _g1 | ||